000 00581nam a22002417a 4500
003 UA-OsUOA
001 125488
007 ta
008 20170918b un ||||| |||| 00| 0 ukr d
100 _aКалабро К.
090 _a821.161.2
_bК17
942 _cBK
040 _aUA-OsUOA
_bukr
_cUA-OsUOA
_dUA-OsUOA
245 _aЯ не скажу тобі, що це любов
300 _a312 с.
955 _a3
041 _aukr
080 _a821.161.2
020 _a978-966-7007-85-0
260 _aЛьвів
_bЛітопис
_c2009
650 7 _2UDC
999 _c412704
_d412704